|
|
|
|
| LEADER |
00000caa a22000002c 4500 |
| 001 |
1640102140 |
| 003 |
DE-627 |
| 005 |
20220608131111.0 |
| 007 |
tu |
| 008 |
160223s2000 xx ||||| 00| ||eng c |
| 035 |
|
|
|a (DE-627)1640102140
|
| 035 |
|
|
|a (DE-576)456052585
|
| 035 |
|
|
|a (DE-599)BSZ456052585
|
| 040 |
|
|
|a DE-627
|b ger
|c DE-627
|e rakwb
|
| 041 |
|
|
|a eng
|
| 100 |
1 |
|
|a Roberts, Julian V.
|0 (DE-588)1045120685
|0 (DE-627)773823573
|0 (DE-576)166638102
|4 aut
|
| 109 |
|
|
|a Roberts, Julian V.
|a Roberts, Julian
|
| 245 |
1 |
0 |
|a Spectator violence in sports: a North American perspective
|c Julian V. Roberts, Cynthia J. Benjamin
|
| 264 |
|
1 |
|c 2000
|
| 336 |
|
|
|a Text
|b txt
|2 rdacontent
|
| 337 |
|
|
|a ohne Hilfsmittel zu benutzen
|b n
|2 rdamedia
|
| 338 |
|
|
|a Band
|b nc
|2 rdacarrier
|
| 700 |
1 |
|
|a Benjamin, Cynthia J.
|4 aut
|
| 773 |
0 |
8 |
|i In
|t European journal on criminal policy and research
|d Dordrecht [u.a.] : Springer, 1993
|g 8(2000), 2, Seite 163-181
|w (DE-627)175792569
|w (DE-600)1156382-5
|w (DE-576)033901708
|x 0928-1371
|7 nnas
|
| 773 |
1 |
8 |
|g volume:8
|g year:2000
|g number:2
|g pages:163-181
|
| 776 |
1 |
|
|o 10.1023/A:1008753024786
|
| 935 |
|
|
|a mkri
|
| 951 |
|
|
|a AR
|
| ELC |
|
|
|b 1
|
| LOK |
|
|
|0 000 xxxxxcx a22 zn 4500
|
| LOK |
|
|
|0 001 3301422861
|
| LOK |
|
|
|0 003 DE-627
|
| LOK |
|
|
|0 004 1640102140
|
| LOK |
|
|
|0 005 20250325145511
|
| LOK |
|
|
|0 008 160208||||||||||||||||ger|||||||
|
| LOK |
|
|
|0 040
|a DE-21-110
|c DE-627
|d DE-21-110
|
| LOK |
|
|
|0 689
|a s
|a Sport
|
| LOK |
|
|
|0 689
|a s
|a Gewalt
|
| LOK |
|
|
|0 689
|a s
|a Zuschauer
|
| LOK |
|
|
|0 689
|a s
|a Fans
|
| LOK |
|
|
|0 689
|a s
|a Gewalt
|
| LOK |
|
|
|0 689
|a g
|a Nordamerika
|
| LOK |
|
|
|0 852
|a DE-21-110
|
| LOK |
|
|
|0 852 1
|m p
|9 00
|
| LOK |
|
|
|0 935
|a k110
|
| LOK |
|
|
|0 938
|k p
|
| LOK |
|
|
|0 939
|a 08-02-16
|b l01
|
| ORI |
|
|
|a SA-MARC-krimdoka001.raw
|